The Case Of The Chaqs Monster/ (Record no. 203006)

MARC details
000 -LEADER
fixed length control field 00505 a2200193 4500
005 - DATE AND TIME OF LATEST TRANSACTION
control field 20240520121946.0
010 ## - LCCN (DPL NO)
LC control number B-759113
020 ## - INTERNATIONAL STANDARD BOOK NUMBER
International Standard Book Number 9789354717406
Terms of availability 499.00
035 ## - SYSTEM CONTROL NUMBER
System control number B-759113
037 ## - SOURCE OF ACQUISITION
Source of stock number/acquisition Gift
082 ## - DEWEY DECIMAL CLASSIFICATION NUMBER
Classification number N
100 ## - MAIN ENTRY--PERSONAL NAME
Personal name Lawrence, Patrice
245 ## - TITLE STATEMENT
Title The Case Of The Chaqs Monster/
Statement of responsibility, etc Patrice Lawrence
260 ## - PUBLICATION, DISTRIBUTION, ETC. (IMPRINT)
Place of publication, distribution, etc London
Name of publisher, distributor, etc Scholastic
Date of publication, distribution, etc 2023
270 ## - ADDRESS
Address London
City London
300 ## - PHYSICAL DESCRIPTION
Extent 418 p.
Dimensions 20 cm(Pb)
942 ## - ADDED ENTRY ELEMENTS (KOHA)
Institution code [OBSOLETE] dpl
Item type Children Books
Source of classification or shelving scheme Dewey Decimal Classification
Classification part N
Call number suffix LAW
Holdings
Withdrawn status Lost status Not for loan Collection code Home library Current library Date acquired Source of acquisition Cost, normal purchase price Full call number Barcode Copy number Cost, replacement price Koha item type Public note
      Fiction Sarojini Nagar Sarojini Nagar 20/05/2024 Gift/20.5.24 499.00 N LAW B-759113 1 499.00 Children Books Gift

© Delhi Public Library
Hit Counter
free hit counter